| 000 | 01304cam a2200421 i 4500 | ||
|---|---|---|---|
| 001 | 39843 | ||
| 005 | 20230410101628.0 | ||
| 008 | 800917s1979 quc b 001 0 fre | ||
| 010 | _a 80115858 | ||
| 035 | _a(OCoLC)ocm06786782 | ||
| 040 |
_aDLC _cDLC _dB2Q |
||
| 016 | _a800024788 | ||
| 019 | _a6722411 | ||
| 020 |
_a2890400336 : _c$9.00 |
||
| 020 | _a9782890400337 | ||
| 029 | 1 |
_aNLGGC _b802786685 |
|
| 035 |
_a(OCoLC)6786782 _z(OCoLC)6722411 |
||
| 043 |
_an-us--- _anwht--- |
||
| 050 | 1 | 4 |
_a110 E 183.8 _bA923h 1979 |
| 082 | 0 | 0 | _a327.7294073 |
| 100 | 1 | _aAuguste, Yves L. | |
| 245 | 1 | 0 |
_aHaiti et les Etats-Unis : _b1804-1862 / _cYves L. Auguste. |
| 260 |
_aSherbrooke, Quebec : _bEditions Naaman, _c1979. |
||
| 300 |
_a97 p. ; _c23 cm. |
||
| 490 | 0 |
_aCollection Civilisations ; _v12 |
|
| 504 | _aBibliography: p. [91]-93. | ||
| 500 | _aIncludes index. | ||
| 651 | 0 |
_aUnited States _xForeign relations _zHaiti. |
|
| 651 | 0 |
_aHaiti _xForeign relations _zUnited States. |
|
| 651 | 0 |
_aHaiti _xPolitics and government _y1804- |
|
| 651 | 0 |
_aUnited States _xForeign relations _y1783-1865. |
|
| 650 | 4 | _aCEH | |
| 650 | 4 | _aColección Estudios Haitianos | |
| 651 | 6 |
_aHaiti _xRelations _zEtats-Unis. |
|
| 651 | 6 |
_aEtats-Unis _xRelations _zHaiti. |
|
| 942 |
_2lcc _cbk |
||
| 994 |
_aC0 _bDRFGD |
||
| 999 |
_c11236 _d11236 |
||